000 00403nam a2200157Ia 4500
008 220216s9999 xx 000 0 und d
100 _aJacob K T
245 0 _aIncentives for rubber production in India
260 _bRubber Board Bulletin
_c1966
300 _a16-21
650 _aDevelopment scheme
650 _aIndia
650 _aReplanting subsidy
650 _aRubber production
942 _cJS
999 _c60972
_d60972